Introduction à la physique quantique

محفوظ في:
التفاصيل البيبلوغرافية
المؤلف الرئيسي: Bernard Degrange
التنسيق: كتاب
اللغة:Undetermined
منشور في: Paris école des Mines de Paris 1999
الموضوعات:
الوسوم: إضافة وسم
لا توجد وسوم, كن أول من يضع وسما على هذه التسجيلة!
Thư viện lưu trữ: Trung tâm Học liệu Trường Đại học Cần Thơ
LEADER 00522nam a2200181Ia 4500
001 CTU_43937
008 210402s9999 xx 000 0 und d
082 |a 530.15 
082 |b D431/1999 
100 |a Bernard Degrange 
245 0 |a Introduction à la physique quantique 
245 0 |c Bernard Degrange 
260 |a Paris 
260 |b école des Mines de Paris 
260 |c 1999 
650 |a quantum theory 
904 |i Nguyễn Quang Điền, 010911 
980 |a Trung tâm Học liệu Trường Đại học Cần Thơ